Loading...
| Science - Physics | 0 | 14 | 0 | 2 | 140 | 37 | 100.07 | 2 | 7 | 0.00 | 0.00 |
| Science - Other | 0 | 7 | 0 | 1 | 70 | 36 | 94.14 | 0 | 1 | 0.00 | 0.00 |
| Science - Chemistry | 0 | 6 | 0 | 2 | 60 | 104 | 124.50 | 0 | 0 | 0.00 | 0.00 |
| Religion | 0 | 3 | 0 | 0 | 30 | 87 | 112.67 | 0 | 1 | 0.00 | 0.00 |
| Science - Biology | 0 | 3 | 1 | 2 | 25 | 86 | 115.00 | 0 | 1 | 0.00 | 0.00 |
| Philosophy | 0 | 2 | 1 | 0 | 15 | 75 | 105.00 | 0 | 0 | 0.00 | 0.00 |
| Other Academic | 0 | 1 | 0 | 1 | 10 | 145 | 145.00 | 0 | 0 | 0.00 | 0.00 |
| Literature - British | 0 | 1 | 0 | 0 | 10 | 156 | 156.00 | 0 | 0 | 0.00 | 0.00 |
| Current Events | 0 | 1 | 1 | 0 | 5 | 62 | 62.00 | 1 | 1 | 0.00 | 0.00 |
| Social Science | 0 | 0 | 0 | 0 | 0 | 0.00 | 0 | 0 | 0.00 | 0.00 |